000 00742nam a22002051i 4500
001 000029969
003 RuMoIPM
005 20260316115932.0
008 130415s1954----ru | c rus
035 _abiblionumber
040 _aRuMoIPM
_brus
_ercr
041 0 _arus
080 _a51(035)
100 1 _aВыгодский, Марк Яковлевич
245 1 _aСправочник по элементарной математике
_bТаблицы, арифметика, алгебра, геометрия, тригонометрия, функции и графики
_cМ. Я. Выгодский
250 _a7-е изд.
260 _aМосква
_bГостехиздат
_c1954
300 _a412 с.
_bчерт.
942 _cBK
999 _c29969
_d29969